000 00801nam0a22002411 4500
001 rc\658219
005 20031121165249.6
035 _a(NLR Aleph) 005897656
090 _a6243406
_c6243406
100 _a20031121d1986 u |0rusy50 ca
101 0 _arus
102 _aRU
105 _aa |||||||||
200 1 _aПрактические задачи градостроительного анализа
_eУчеб. пособие
_fМоск. архит. ин-т
210 _aМ.
_cМАРХИ
_d1986
215 _a111, [1] с.
_cил.
_d21
700 1 _aЯргина
_bЗ. Н.
_gЗоя Николаевна
701 1 _aСосновский
_bВ. А.
_gВладимир Аркадьевич
801 0 _aRU
_bNLR
_gpsbo
801 1 _aRU
_bELAR
_2rusmarc
852 _aNLR
_j88-3/7148
942 _cBOOK
980 _aNB